| 000 | 00983nam a2200313 a 4500 | ||
|---|---|---|---|
| 003 | AR-BaBNM | ||
| 005 | 20251128203844.0 | ||
| 008 | 082120s2002 ||||||||||||||000 | spa|| | ||
| 040 | _cAR-BaBNM | ||
| 100 | 1 | _aBucich, Antonio J. | |
| 245 | 0 | 0 |
_aEl barrio de La Boca _bLa Boca del Riachuelo desde Pedro de Mendoza hasta las postrimerías del siglo XIX |
| 250 | _a3ª ed. | ||
| 260 |
_aBuenos Aires _bMunicipalidad de la Ciudad de Buenos Aires _c1970 |
||
| 300 |
_a89 p. _bil. |
||
| 490 | 0 |
_aCuadernos de Buenos Aires _vv. 7 |
|
| 500 | _aContiene referencias bibliográficas en p. 89 | ||
| 650 | 4 | _aHISTORIA ARGENTINA | |
| 650 | 4 | _aCOLONIZACION DEL RIO DE LA PLATA | |
| 650 | 4 | _aCOSTUMBRES Y TRADICIONES | |
| 650 | 4 | _aHISTORIA DE BUENOS AIRES | |
| 650 | 4 | _aINMIGRACION | |
| 650 | 4 | _aEDIFICIOS RELIGIOSOS | |
| 650 | 4 | _aARQUITECTURA | |
| 650 | 4 | _aPARQUES PUBLICOS | |
| 650 | 4 | _aBARRIOS | |
| 651 | 4 | _aBuenos Aires [Capital Federal] | |
| 942 | _cBK | ||
| 998 | _cMARTIN | ||
| 999 |
_c5203 _d5203 |
||